<?xml version="1.0" encoding="UTF-8"?>
<collection xmlns="http://www.loc.gov/MARC21/slim">
 <record>
  <leader>01449nam a2200205Ia 4500</leader>
  <controlfield tag="001">CTU_214418</controlfield>
  <controlfield tag="008">210402s9999    xx            000 0 und d</controlfield>
  <datafield tag="082" ind1=" " ind2=" ">
   <subfield code="a">005.86</subfield>
  </datafield>
  <datafield tag="082" ind1=" " ind2=" ">
   <subfield code="b">R111</subfield>
  </datafield>
  <datafield tag="100" ind1=" " ind2=" ">
   <subfield code="a">Rajan, Claire</subfield>
  </datafield>
  <datafield tag="245" ind1=" " ind2="0">
   <subfield code="a">Oracle 10g Database administrator II:</subfield>
  </datafield>
  <datafield tag="245" ind1=" " ind2="0">
   <subfield code="b">backup/recovery &amp; network administration</subfield>
  </datafield>
  <datafield tag="245" ind1=" " ind2="0">
   <subfield code="c">Claire Rajan</subfield>
  </datafield>
  <datafield tag="260" ind1=" " ind2=" ">
   <subfield code="a">Australia; Boston, Mass.</subfield>
  </datafield>
  <datafield tag="260" ind1=" " ind2=" ">
   <subfield code="b">Thomson Course Technology</subfield>
  </datafield>
  <datafield tag="260" ind1=" " ind2=" ">
   <subfield code="c">2007</subfield>
  </datafield>
  <datafield tag="520" ind1=" " ind2=" ">
   <subfield code="a">Oracle 10g Database Administrator II: Backup/Recovery uses the most current database release from Oracle to provide thorough coverage of an Oracle database through the day-to-day duties of a database administrator. This text drills down key tools and techniques for Oracle database backup, recovery and network administration and provides good preparation for the update Oracle certification exam, Database Fundamentals I (#1Z0-043). In addition to extensive review material, the end of chapter content also includes comprehensive coverage of the exam objectives and exam-like practice questions. This text is the perfect compliment to the Oracle 10g: Database Administrator: Implementation and Administration (DBA1) text and the 1Z0-042</subfield>
  </datafield>
  <datafield tag="650" ind1=" " ind2=" ">
   <subfield code="a">Data recovery (Computer science),Database management,Phục hồi dữ liệu (khoa học máy tính),Quản trị cơ sỡ dữ liệu</subfield>
  </datafield>
  <datafield tag="904" ind1=" " ind2=" ">
   <subfield code="i">Nguyên</subfield>
  </datafield>
  <datafield tag="980" ind1=" " ind2=" ">
   <subfield code="a">Trung tâm Học liệu Trường Đại học Cần Thơ</subfield>
  </datafield>
 </record>
</collection>
